Art of effective communication in group discussion and interview (Record no. 9141)

MARC details
000 -LEADER
fixed length control field 00476cam a2200193ua 4500
008 - FIXED-LENGTH DATA ELEMENTS--GENERAL INFORMATION
fixed length control field 170412n ii |||gr||||Z||||||eng
020 ## - INTERNATIONAL STANDARD BOOK NUMBER
International Standard Book Number 8121940745
040 ## - CATALOGING SOURCE
Transcribing agency MAIN
041 ## - LANGUAGE CODE
-- eng
082 ## - DEWEY DECIMAL CLASSIFICATION NUMBER
Classification number 158.3
100 ## - MAIN ENTRY--PERSONAL NAME
Personal name Singh, O.P.,
Relator term
245 ## - TITLE STATEMENT
Title Art of effective communication in group discussion and interview
Statement of responsibility, etc. By O.P. Singh
250 ## - EDITION STATEMENT
Edition statement 1st ed.
260 ## - PUBLICATION, DISTRIBUTION, ETC.
Place of publication, distribution, etc. New Delhi:
Name of publisher, distributor, etc. S chand,
Date of publication, distribution, etc. 2012.
300 ## - PHYSICAL DESCRIPTION
Extent 210p.
942 ## - ADDED ENTRY ELEMENTS (KOHA)
Koha item type Books
653 ## - INDEX TERM--UNCONTROLLED
Uncontrolled term MAIN
Holdings
Withdrawn status Lost status Damaged status Not for loan Home library Current library Shelving location Date acquired Total Checkouts Full call number Barcode Date due Date last seen Date last checked out Copy number Price effective from Koha item type
        Central Library, Naharkatiya College Central Library, Naharkatiya College General Stacks 19/09/2020 2 158.3 | SIN 21129 08/12/2022 23/11/2022 23/11/2022 1 19/09/2020 Books

Naharkatiya College © 2020. All rights reserved.

Powered By